Statistics for Countries Starting with "North" or "South"

Click here to take the quiz!

General Stats

  • This quiz has been taken 40 times
  • The average score is 5 of 5

Answer Stats

Answer% Correct
North Korea
97%
South Korea
97%
South Sudan
95%
North Macedonia
92%
South Africa
86%

Score Distribution

Percentile by Number Answered

Percent of People with Each Score

Your Score History

You have not taken this quiz